Statistics for Self-Governing Countries

Click here to take the quiz!

General Stats

  • This quiz has been taken 98 times
  • The average score is 9 of 15

Answer Stats

Responsibility of... Self-Governing Country % Correct
United StatesPuerto Rico
94%
DenmarkGreenland
92%
United StatesGuam
86%
SomaliaSomaliland
78%
MoroccoWestern Sahara
73%
NetherlandsAruba
71%
United KingdomBermuda
60%
United StatesAmerican Samoa
56%
FranceNew Caledonia
53%
New ZealandCook Islands
53%
New ZealandNiue
48%
United KingdomCayman Islands
41%
United StatesNorthern Mariana Islands
40%
United KingdomAnguilla
35%
United KingdomMontserrat
31%

Score Distribution

Percentile by Number Answered

Percent of People with Each Score

Your Score History

You have not taken this quiz